| 000 | 00474nam a22001577a 4500 | ||
|---|---|---|---|
| 005 | 20260108121310.0 | ||
| 008 | 260108b |||||||| |||| 00| 0 eng d | ||
| 020 | _a978-178135312-7 | ||
| 100 | _aCURTIS CHRIS | ||
| 245 |
_aHOW TO TEACH ENGLISH _bNOVELS, NON-FICTION AND THEIR ARTFUL NAVIGATION |
||
| 260 |
_aWALES _bINDEPENDENT THINKING PRESS _c2019 |
||
| 300 | _aV, 246P. | ||
| 500 | _aINCLUDES INDEX | ||
| 650 | _aENGLISH LANGUAGE STUDY AND TEACHING | ||
| 942 |
_2lcc _cBK |
||
| 999 |
_c216430 _d216430 |
||